Kvalitatívne vlastnosti sivej liatiny a jej vplyv na návrh rozmerov strižnej poistky výstredníkových lisov
Salvato in:
| Autore principale: | |
|---|---|
| Altri autori: | |
| Natura: | Manoscritto Libro |
| Lingua: | slovacco |
| Pubblicazione: |
2023
|
| Soggetti: | |
| Accesso online: | http://is.stuba.sk/zp/portal_zp.pl?podrobnosti=170331 |
| Tags: |
Nessun Tag, puoi essere il primo ad aggiungerne!!
|
MARC
| LEADER | 00000ntm a22000003a 4500 | ||
|---|---|---|---|
| 001 | stuzp93327 | ||
| 003 | SK-STU | ||
| 005 | 20230909214701.8 | ||
| 007 | ta | ||
| 008 | 150427s2015----xo-----f-mn---000-0-slo-d | ||
| 040 | |a STU |b slo | ||
| 041 | 0 | |a slo | |
| 100 | 1 | |a Kunkelová, Gabriela |u 061000 |4 aut |U MTF Materiálovotechnologická fakulta |T MTF Ústav materiálov |U M1000 |Y 81 | |
| 242 | 0 | 1 | |a Qualitative properties of gray cast iron and its influence on the design of the dimensions of the shear fuse of eccentric presses |y eng |
| 245 | 1 | 0 | |a Kvalitatívne vlastnosti sivej liatiny a jej vplyv na návrh rozmerov strižnej poistky výstredníkových lisov |
| 260 | |c 2023 | ||
| 650 | 4 | |a sivá liatina s lupienkovým grafitom |2 slo | |
| 650 | 4 | |a výstredníkový lis |2 slo | |
| 650 | 4 | |a strižná poistka |2 slo | |
| 650 | 4 | |a strižný odpor |2 slo | |
| 650 | 4 | |a mikroštruktúra sivej liatiny |2 slo | |
| 650 | 4 | |a tvrdosť podľa Vickersa |2 slo | |
| 650 | 4 | |a gray cast iron with flake graphite |2 eng | |
| 650 | 4 | |a shear fuse |2 eng | |
| 650 | 4 | |a eccentric press |2 eng | |
| 650 | 4 | |a shear resistance |2 eng | |
| 650 | 4 | |a microstructure of gray cast iron |2 eng | |
| 650 | 4 | |a Vickers hardness |2 eng | |
| 700 | 1 | |a Dománková, Mária |u 061000 |k Z1 |4 ths |U MTF Materiálovotechnologická fakulta |T MTF Ústav materiálov |X 251 |U M1000 |Y 81 |7 A000000251 | |
| 856 | 4 | |u http://is.stuba.sk/zp/portal_zp.pl?podrobnosti=170331 | |
| 996 | |c M* DP-15167 |l MMSKP |s P |a 0 |w stuzp93327_0001 | ||